Ratnāvalī aura unakā kāvya. (Record no. 72391)

MARC details
000 -LEADER
fixed length control field 00612cam a22002411 4500
001 - CONTROL NUMBER
control field sa 67001111
003 - CONTROL NUMBER IDENTIFIER
control field DLC
005 - DATE AND TIME OF LATEST TRANSACTION
control field 20260227112319.0
008 - FIXED-LENGTH DATA ELEMENTS--GENERAL INFORMATION
fixed length control field 890802s1965 ii b 000 0 hino
010 ## - LIBRARY OF CONGRESS CONTROL NUMBER
LC control number sa 67001111
035 ## - SYSTEM CONTROL NUMBER
System control number (OCoLC)20114864
040 ## - CATALOGING SOURCE
Original cataloging agency DLC
Transcribing agency WaU
Modifying agency DLC
041 0# - LANGUAGE CODE
Language code of text/sound track or separate title hinbra
042 ## - AUTHENTICATION CODE
Authentication code premarc
050 00 - LIBRARY OF CONGRESS CALL NUMBER
Classification number PK1967.9
Item number .R32 1965
100 0# - MAIN ENTRY--PERSONAL NAME
Personal name Ratnāvalī,
Dates associated with a name 1520-1594.
245 00 - TITLE STATEMENT
Title Ratnāvalī aura unakā kāvya.
260 ## - PUBLICATION, DISTRIBUTION, ETC.
Date of publication, distribution, etc. [1965]
300 ## - PHYSICAL DESCRIPTION
Extent 240 p.
Dimensions 19 cm.
500 ## - GENERAL NOTE
General note Hindi or Braj.
504 ## - BIBLIOGRAPHY, ETC. NOTE
Bibliography, etc. note Bibliography: p. [229]-240.
700 1# - ADDED ENTRY--PERSONAL NAME
Personal name Bharadwaj, Ramdat,
Dates associated with a name 1902-

No items available.

Powered by Koha